000 00663cam a22002173a 4500
001 19663
003 PGUSA
005 20140828083421.0
008 061030s2006||||xxu|||||s|||||000 | eng d
040 _aPGUSA
_beng
042 _adc
050 4 _aPC
245 1 0 _aReprezentação à Academia Real das Ciências sobre a refórma da ortografia
_h[electronic resource] /
_cAnonymous
260 _bProject Gutenberg,
_c2006
506 _aPublic domain in the USA.
516 _aElectronic text
653 _aPortuguese language -- Orthography and spelling
830 0 _aProject Gutenberg
_v19663
856 4 0 _uhttp://www.gutenberg.org/ebooks/19663
942 _cEB
999 _c248918
_d248918